| 000 | 00583nam a22001817a 4500 | ||
|---|---|---|---|
| 003 | CEME | ||
| 005 | 20210628205401.0 | ||
| 008 | 210315b xxu||||| |||| 00| 0 eng d | ||
| 020 | _a0-412-71560-0 | ||
| 040 | _c. | ||
| 082 | _a621.381045 NAR'C | ||
| 100 |
_aCapper, Peter _975272 |
||
| 245 | _aNarrow gap ii vi compunds for optoelectronic and electromagnetic applications | ||
| 260 |
_aLONDON _bCHAPMAN & HALL _c1997 |
||
| 300 | _aXX, 592P | ||
| 650 |
_aMOLECULAR BEAM EPITAXY-HGCDTE PHOTOELECTROMAGNETIC DEMBER INFRARED DETECTORS SOLAR CELLS-CDS/CDTE _975273 |
||
| 942 |
_cBK _2ddc |
||
| 999 |
_c580722 _d580722 |
||